Najmniejsze Miasto powiatowe w każdym województwie - Statystyki

Ogólne statystyki
  • Ten quiz został rozwiązany 52 razy
  • Średni wynik to 10 z 16
Statystyki odpowiedzi
Województwo Liczba Ludności Inne miasta w powiecie Miasto % Poprawnych
opolskie 9 504 Praszka, Dobrodzień, Gorzów Śląski Olesno
74%
podlaskie 5 260 brak Sejny
74%
lubuskie 9 950 Drezdenko, Dobiegniew Strzelce Krajeńskie
74%
zachodniopomorskie 11 750 Złocieniec, Czaplinek, Kalisz Pomorski Drawsko Pomorskie
70%
świętokrzyskie 5 252 Skalbmierz, Opatowiec Kazimierza Wielka
70%
podkarpackie 5 432 brak Lesko
70%
lubelskie 8 388 Poniatowa, Józefów nad Wisłą Opole Lubelskie
70%
śląskie 12 934 Krzepice Kłobuck
65%
pomorskie 10 127 Dzierzgoń Sztum
65%
małopolskie 5 983 Nowe Brzesko, Koszyce Proszowice
63%
łódzkie 6 829 Działoszyn Pajęczno
58%
warmińsko-mazurskie 11 438 brak Węgorzewo
56%
mazowieckie 5 593 Solec nad Wisłą Lipsko
53%
Dolnośląskie 9 539 brak Środa Śląska
53%
kujawsko-pomorskie 5 756 Piotrków Kujawski Radziejów
49%
wielkopolskie 13 018 brak Wolsztyn
47%
Nie znaleziono quizów pasujących do podanych kryteriów
Rozkład punktacji
Procent ludzi z każdym wynikiem
Percentyl według liczby udzielonych odpowiedzi
Twoja historia wyników
Nie rozwiązałeś tego quizu